Historical Figures by Picture - Statistics

General Stats
  • This quiz has been taken 218 times
  • The average score is 12 of 15
Answer Stats
Picture Answer % Correct
Mona Lisa
99%
Queen Elizabeth
96%
Abraham Lincoln
95%
Albert Einstein
95%
Barack Obama
94%
Marilyn Monroe
94%
Martin Luther King Jr.
94%
George Washington
88%
King Tut
86%
Elvis Presley
83%
Marie Antoinette
83%
Ghandi
69%
Thomas Edison
57%
Galileo Galilei
55%
Benjamin Franklin
46%
No matching quizzes found
Score Distribution
Percent of People with Each Score
Percentile by Number Answered
Your Score History
You have not taken this quiz